1652 1348 1152 1609 1086 1353 1819 1285 1891 1734 1562 1149 1739 1578 1357 1100 1790 1220 1079 1472 1283 1356 1772 1193 1156 2000 1159 1211 1066 1247 1374 1433 1797 1104 1482 1041 1400 1867 1039 1835 1987 1914 1983 1045 1914 1473 1640 1450 1559 1312 1130 1806 1752 1704 1732 1987 1372 1865 1024 1402 1202 1225 1781 1279 1229 1380 1946 1891 1857 1487 1132 1306 1374 1858 1081 1336 1135 1126 1236 1255 1998 1825 1821 1639 1310 1265 1601 1946 1743 1373 1062 1107 1269 1113 1639 1971 1003 1579 1511 BCNSPRNW ULIB Ver.6.0+V

เปลี่ยนเป็นภาษาไทย

Change to English
 แสดงรายละเอียดบรรณานุกรม
  กลับหน้าหลัก

Brief Record : Get Marc (ISO 2709) : E-mail record : QR code < ปิดหน้าต่าง
LEADER : 00000nam 2200000uu 4500
001    13399123147
003     ULIB
008    140403s2547||||th 000 0 tha d
090    วพ.WY105^bฉ179ค
100 0  ฉฎาธา ปรานมนตรี
245 00 ความสัมพันธ์ระหว่างความสมารถในการบริหารคุณภาพทั้งองค์กรของหัวหน้าหอผู้ป่วยความสามารถในการทำงานของพยาบาลประจำการกับประสิทธิภาพของหอผู้ป่วยตามการรับรู้ของพยาบาลประจำการ โรงพยบาลศูนย์
260    กรุงเทพฯ :^bจุฬาลงกรณ์มหาวิทยาลัย,^c2547
945    ^p0^l0^i018230
999    ^aเกษร โพธิ์สุวรรณ
รายการนี้ยังไม่มีแท็ก
คุณยังไม่ได้ล็อกอิน คุณสามารถมีกิจกรรมร่วมกับเว็บไซต์ได้ แต่ต้องล็อกอินก่อน ::
  ล็อกอิน

รายการสื่อสารสนเทศ

ลำดับที่ ประเภท เลขเรียก/บาร์โค้ด สถานที่ สถานะ
1. วิทยานิพนธ์
วิทยานิพนธ์
วพ.WY105 ฉ179ค  
  Barcode: 018230
ห้องสมุดวิทยาเขตสวรรค์ประชารักษ์
► วิทยานิพนธ์
บนชั้น

BibComment


ยังไม่เคยถูกคอมเมนท์

คอมเมนท์ทรัพยากรรายการนี้
  คอมเมนท์: ความสัมพันธ์ระหว่..


 Copyright 2026. Bcnsprnw @Library